000 00871cab a2200217 4500
001 ABS36829
008 090401t1986 xxu||||| |||| 00| 0 eng d
035 _a(Sirsi) u524
041 _aeng
100 _aStedman, P.
245 _aCedar shingles
260 _c1986
350 _a0
490 _aArchitects` Journal
_v184(37) 10 September 1986,53-59(4)
520 _aDescribes uses for cedar shingles and shakes currently most widely used for roofing and cladding purposes in America, the main importers of British Columbian cedar shingles. Examines the types and grades, staining and corrosion,treatment of the wood against fire and the potential for use in the UK.
650 _aBUILT ENVIRONMENT-BUILDING ELEMENTS-COMPLETE BUILDING ELEMENTS-ROOFS
690 _aBUILT ENVIRONMENT-BUILDING MATERIALS
700 _aMacklin, D.
942 _n0
948 _c04/03/1997
999 _c240
_d240